Theoretical and practical treatise on dancing /

Bibliographic Details
Main Author: Magri, Gennaro, active 1779
Other Authors: Berry, Irmgard E., Fox, Annalisa
Format: Book
Language:English
Published: London : Princeton, N.J. : Dance Books ; Distributed in the USA by Princeton Book, 1988.
Subjects:

MARC

Tag First Indicator Second Indicator Subfields
LEADER 00000cam a2200000 a 4500
001 in00000758621
005 20230831101045.0
008 880810s1988 enkaf b 000 0 eng
010 |a  88172034  
015 |a GB8811061  |2 bnb 
016 |a (AMICUS)000008577796 
019 |a 17509687  |a 233388848  |a 1008063093 
020 |a 0903102994 
020 |a 9780903102995 
029 1 |a AU@  |b 000005709998 
029 1 |a AU@  |b 000022475448 
029 1 |a DEBSZ  |b 100300316 
029 1 |a HEBIS  |b 009053107 
029 1 |a HR0  |b 0903102994 
029 1 |a NLC  |b 000008577796 
029 1 |a NOK  |b 0903102994 
029 1 |a NZ1  |b 326421 
029 1 |a NZ1  |b 3432430 
029 1 |a UNITY  |b 085116637 
029 1 |a ZWZ  |b 14049247X 
035 |a (OCoLC)ocm26014426  
035 |a (OCoLC)26014426  |z (OCoLC)17509687  |z (OCoLC)233388848  |z (OCoLC)1008063093 
035 |a (OCoLC)ocm26014426  
040 |a DLC  |b eng  |c DLC  |d UKM  |d MUQ  |d NLGGC  |d BAKER  |d BTCTA  |d YDXCP  |d BDX  |d OCLCF  |d NLC  |d OCLCQ  |d UWO  |d OCLCQ  |d OCLCO 
041 1 |a eng  |h ita 
050 0 0 |a GV1590  |b .M313 1988 
055 1 |a GV1590 
082 0 0 |a 792.8  |2 20 
084 |a 24.15  |2 bcl 
100 1 |a Magri, Gennaro,  |d active 1779. 
240 1 0 |a Trattato teorico-prattico di ballo.  |l English 
245 1 0 |a Theoretical and practical treatise on dancing /  |c by Gennaro Magri ; translated by Mary Skeaping, with Anna Ivanova and Irmgard E. Berry ; edited by Irmgard E. Berry and Annalisa Fox. 
260 |a London :  |b Dance Books ;  |a Princeton, N.J. :  |b Distributed in the USA by Princeton Book,  |c 1988. 
300 |a 246 pages, 6 plates, 23 folios :  |b illustrations ;  |c 24 cm 
336 |a text  |b txt  |2 rdacontent 
337 |a unmediated  |b n  |2 rdamedia 
338 |a volume  |b nc  |2 rdacarrier 
504 |a Includes bibliographical references (pages 36-37). 
650 0 |a Dance  |v Early works to 1800. 
650 0 |a Dance music  |y To 1800  |x History and criticism. 
650 6 |a Danse  |v Ouvrages avant 1800. 
650 7 |a Dance.  |2 fast  |0 (OCoLC)fst00887402 
650 7 |a Dance music.  |2 fast  |0 (OCoLC)fst00887533 
650 1 7 |a Dans.  |2 gtt 
650 1 7 |a Choreografie.  |2 gtt 
648 7 |a To 1800  |2 fast 
653 |a Ballet  |a Techniques 
655 7 |a Criticism, interpretation, etc.  |2 fast  |0 (OCoLC)fst01411635 
655 7 |a Early works.  |2 fast  |0 (OCoLC)fst01411636 
700 1 |a Berry, Irmgard E. 
700 1 |a Fox, Annalisa. 
938 |a Baker & Taylor  |b BKTY  |c 71.50  |d 76.45  |i 0903102994  |n 0001426972  |s active 
938 |a Brodart  |b BROD  |n 39765563  |c $71.50 
938 |a Baker and Taylor  |b BTCP  |n 88172034 //r94 
938 |a YBP Library Services  |b YANK  |n 1041395 
948 |h HELD BY TXA - 248 OTHER HOLDINGS 
994 |a Z0  |b TXA 
999 f f |s b96cda02-95c6-3cd8-a365-143b0ada9b51  |i a791272e-3eeb-3979-887e-a7ece93d2ca5  |t 0 
952 f f |p ric  |a Texas A&M University  |b Rellis Campus  |c Joint Library Facility  |s JLF  |d Remote Storage  |t 0  |e GV1788 .M33 1988  |h Library of Congress classification  |i unmediated -- volume  |m A14811872946